[Event "P-5169"]
[Site "IECC email"]
[Date "2020.07.21"]
[Round "?"]
[White "Boothman, William"]
[Black "MacDonald, Weldon"]
[Result "1-0"]
[WhiteElo "1474"]
[BlackElo "1618"]
[PlyCount "63"]
[EventDate "2020.??.??"]
[EventType "tourn (corr)"]
[SourceTitle "Corr 2024"]
[Source "ChessBase"]
[SourceDate "2023.10.19"]
[SourceVersion "1"]
[SourceVersionDate "2023.10.19"]
[SourceQuality "1"]
[WhiteTeam "England"]
[BlackTeam "Vereinigte Staaten"]
[WhiteTeamCountry "ENG"]
[BlackTeamCountry "USA"]

1. Nf3 e6 2. d3 d5 3. g3 c5 4. Bg2 Nf6 5. Nbd2 Nc6 6. 0-0 Be7 7. e4 0-0 8. Re1 Qc7 9. e5 Nd7 10. Qe2 b6 11. Nf1 Bb7 12. Bf4 Rae8 13. h4 f6 14. exf6 Bd6 15. Bxd6 Qxd6 16. fxg7 Kxg7 17. d4 cxd4 18. Nxd4 Kh8 19. Nxc6 Bxc6 20. Rad1 Nf6 21. c4 Qb8 22. cxd5 exd5 23. Qd2 Qb7 24. Qd4 Qf7 25. Ne3 Kg8 26. Nf5 Qg6 27. Ne7+ Rxe7 28. Rxe7 Rf7 29. Rxf7 Qxf7 30. Qe5 h6 31. Bh3 Kf8 32. Rc1 1-0

[Event "IECC O-4566"]
[Site "IECC email"]
[Date "2017.07.03"]
[Round "?"]
[White "Keiper, Archie"]
[Black "MacDonald, Weldon"]
[Result "0-1"]
[WhiteElo "1744"]
[BlackElo "1678"]
[PlyCount "32"]
[EventDate "2017.??.??"]
[EventType "swiss (corr)"]
[EventRounds "2"]
[SourceTitle "Corr 2020"]
[Source "ChessBase"]
[SourceDate "2019.09.30"]
[SourceVersion "1"]
[SourceVersionDate "2019.09.30"]
[SourceQuality "1"]
[WhiteTeam "United States"]
[BlackTeam "United States"]
[WhiteTeamCountry "USA"]
[BlackTeamCountry "USA"]

1. e4 e6 2. d4 d5 3. Be3 Nf6 4. e5 Nfd7 5. c4 c5 6. cxd5 exd5 7. Nc3 Nc6 8. Nf3 cxd4 9. Bxd4 Nxd4 10. Qxd4 Nb6 11. Bb5+ Bd7 12. 0-0 a6 13. Bxd7+ Nxd7 14. Rae1 Bc5 15. Qxd5 0-0 16. Qxd7 Qxd7 0-1

[Event "IECC CL4-2009.08 email"]
[Site "IECC email"]
[Date "2009.08.05"]
[Round "?"]
[White "MacDonald, Weldon"]
[Black "Kinna, Michael"]
[Result "0-1"]
[WhiteElo "1726"]
[BlackElo "1263"]
[PlyCount "56"]
[EventDate "2009.??.??"]
[EventType "tourn (corr)"]
[EventRounds "4"]
[SourceTitle "Telechess CBM 137"]
[Source "ChessBase"]
[SourceDate "2010.07.15"]
[SourceVersion "1"]
[SourceVersionDate "2010.07.15"]
[SourceQuality "1"]
[WhiteTeam "US of America"]
[WhiteTeamCountry "USA"]

1. e4 e5 2. Nf3 Nc6 3. Bb5 a6 4. Ba4 Nf6 5. 0-0 Nxe4 6. d4 b5 7. Bb3 d5 8. dxe5 Be6 9. c3 Bc5 10. Qd3 0-0 11. Be3 f5 12. exf6 Bxe3 13. Qxe3 Qxf6 14. Nbd2 Nxd2 15. Qxd2 Rad8 16. Rad1 Na5 17. Bc2 Nc4 18. Qc1 Bg4 19. Rd3 c6 20. b3 Nd6 21. Ne1 Be2 22. Rh3 Ne4 23. Nf3 Bxf1 24. Qxf1 Qxc3 25. Bxe4 dxe4 26. Ng5 Qc2 27. Nxe4 Rd1 28. Qxd1 Qxd1# 0-1

[Event "IECC CL4-2009.08 email"]
[Site "IECC email"]
[Date "2009.08.05"]
[Round "?"]
[White "Schwenger, Kurt"]
[Black "MacDonald, Weldon"]
[Result "1-0"]
[WhiteElo "1652"]
[BlackElo "1709"]
[PlyCount "37"]
[EventDate "2009.??.??"]
[EventType "tourn (corr)"]
[EventRounds "4"]
[SourceTitle "Telechess CBM 137"]
[Source "ChessBase"]
[SourceDate "2010.07.15"]
[SourceVersion "1"]
[SourceVersionDate "2010.07.15"]
[SourceQuality "1"]
[WhiteTeam "Germany"]
[BlackTeam "US of America"]
[WhiteTeamCountry "GER"]
[BlackTeamCountry "USA"]

1. e4 d5 2. exd5 Qxd5 3. Nc3 Qa5 4. d4 c6 5. Bc4 Bf5 6. Bd2 e6 7. g4 Bg6 8. Qe2 Bb4 9. f4 Ne7 10. 0-0-0 h5 11. f5 exf5 12. g5 Kd7 13. d5 Kc7 14. d6+ Kc8 15. dxe7 Re8 16. Be6+ Kc7 17. Bf4+ Kb6 18. Be3+ Kc7 19. Qd2 1-0

[Event "IECC KO-3065"]
[Site "IECC email"]
[Date "2009.04.08"]
[Round "?"]
[White "Wozniak, Zbigniew"]
[Black "MacDonald, Weldon"]
[Result "1-0"]
[WhiteElo "1944"]
[BlackElo "1751"]
[PlyCount "63"]
[EventDate "2009.??.??"]
[EventType "match (corr)"]
[EventRounds "2"]
[SourceTitle "Corr 2011"]
[Source "ChessBase"]
[SourceDate "2010.08.31"]
[SourceVersion "1"]
[SourceVersionDate "2010.08.31"]
[SourceQuality "1"]
[WhiteTeam "Poland"]
[BlackTeam "US of America"]
[WhiteTeamCountry "POL"]
[BlackTeamCountry "USA"]

1. e4 c5 2. Nf3 Nc6 3. d4 cxd4 4. Nxd4 Nf6 5. Nc3 e5 6. Ndb5 d6 7. Bg5 a6 8. Na3 b5 9. Bxf6 gxf6 10. Nd5 Bg7 11. Bd3 Ne7 12. Nxe7 Qxe7 13. c4 f5 14. 0-0 0-0 15. Qf3 Qb7 16. exf5 Qxf3 17. gxf3 e4 18. Bxe4 d5 19. Bxd5 Bxf5 20. Bxa8 Rxa8 21. Rae1 Bd3 22. cxb5 Bxb2 23. Re3 Bxf1 24. Kxf1 axb5 25. Nxb5 Rxa2 26. Re2 Ra1+ 27. Kg2 Bf6 28. Re8+ Kg7 29. Nd6 Ra5 30. f4 Rd5 31. Ne4 Rd7 32. Rg8+ 1-0

[Event "IECC CL4-2008.09 email"]
[Site "IECC email"]
[Date "2008.09.28"]
[Round "?"]
[White "MacDonald, Weldon"]
[Black "Schwenger, Kurt"]
[Result "1-0"]
[WhiteElo "1702"]
[BlackElo "1692"]
[PlyCount "55"]
[EventDate "2008.??.??"]
[EventType "tourn (corr)"]
[EventRounds "4"]
[SourceTitle "Corr 2013"]
[Source "ChessBase"]
[SourceDate "2012.11.12"]
[SourceVersion "1"]
[SourceVersionDate "2012.11.12"]
[SourceQuality "1"]
[WhiteTeam "Romania"]
[BlackTeam "Italy"]
[WhiteTeamCountry "ROU"]
[BlackTeamCountry "ITA"]

1. e4 c5 2. Nf3 d6 3. d4 cxd4 4. Nxd4 Nf6 5. Nc3 a6 6. Bg5 e6 7. a4 Be7 8. f4 Qc7 9. Be2 Nbd7 10. Nf3 b6 11. 0-0 Bb7 12. Qd3 Nc5 13. Qd4 0-0-0 14. b4 Ncxe4 15. Nxe4 Nxe4 16. Bxe7 Qxe7 17. Qxb6 Qc7 18. Qa7 Qb8 19. Qd4 Nf6 20. Ra3 Rd7 21. b5 axb5 22. Bxb5 Rc7 23. Rb1 Rd8 24. a5 Qa8 25. a6 Bc6 26. Bxc6 Rxc6 27. a7 Rc7 28. Rb8+ 1-0

[Event "IECC CL4-2006.13 email"]
[Site "IECC email"]
[Date "2006.12.18"]
[Round "?"]
[White "MacDonald, Weldon"]
[Black "Lehnen, Patric"]
[Result "0-1"]
[WhiteElo "1650"]
[BlackElo "1700"]
[PlyCount "62"]
[EventDate "2006.??.??"]
[EventType "tourn (corr)"]
[EventRounds "4"]
[SourceTitle "Corr 2008"]
[Source "ChessBase"]
[SourceDate "2008.06.24"]
[SourceVersion "1"]
[SourceVersionDate "2008.06.24"]
[SourceQuality "1"]

1. e4 e6 2. d4 d5 3. Nc3 Bb4 4. e5 c5 5. a3 Ba5 6. Bd2 cxd4 7. Nb5 Nc6 8. Bxa5 Qxa5+ 9. b4 Qb6 10. Qg4 Kf8 11. Nf3 f6 12. Qg3 Bd7 13. exf6 Nxf6 14. Qd6+ Kg8 15. Bd3 Rd8 16. a4 Ne4 17. Bxe4 Be8 18. Qxe6+ Bf7 19. Qg4 dxe4 20. Ng5 h5 21. Qf5 Bd5 22. 0-0 a6 23. Na3 Ne7 24. Qe5 Ng6 25. Qg3 h4 26. Qg4 Ne5 27. Qf4 Qf6 28. Nh3 Qd6 29. Qd2 Rh6 30. Qxd4 Rg6 31. f4 Nf3+ 0-1

[Event "IECC CL4-2006.10 email"]
[Site "IECC email"]
[Date "2006.09.28"]
[Round "?"]
[White "Kasperski, Marcin"]
[Black "MacDonald, Weldon"]
[Result "0-1"]
[WhiteElo "1634"]
[BlackElo "1605"]
[PlyCount "54"]
[EventDate "2006.??.??"]
[EventType "tourn (corr)"]
[EventRounds "4"]
[SourceTitle "Corr 2015"]
[Source "ChessBase"]
[SourceDate "2015.07.17"]
[SourceVersion "1"]
[SourceVersionDate "2015.07.17"]
[SourceQuality "1"]
[WhiteTeam "Poland"]
[BlackTeam "US of America"]
[WhiteTeamCountry "POL"]
[BlackTeamCountry "USA"]

1. e4 c5 2. Nf3 Nc6 3. d4 cxd4 4. Nxd4 Nf6 5. Nc3 e5 6. Ndb5 d6 7. Bg5 a6 8. Bxf6 gxf6 9. Na3 b5 10. Nd5 f5 11. Bd3 Be6 12. Qh5 Rg8 13. g3 Nd4 14. c3 fxe4 15. Bxe4 Bg4 16. Qxh7 Rg7 17. Qh6 Nf3+ 18. Kf1 Rg5 19. Nf6+ Ke7 20. Nd5+ Kd7 21. Qf6 Nd2+ 22. Kg2 Nxe4 23. Qxf7+ Kc8 24. f3 Rf5 25. Qe6+ Kb7 26. fxg4 Rf2+ 27. Kg1 Ng5 0-1

[Event "IECC CL4-2006.05 email"]
[Site "IECC email"]
[Date "2006.04.05"]
[Round "?"]
[White "MacDonald, Weldon"]
[Black "Stilman, Eduardo"]
[Result "0-1"]
[WhiteElo "1598"]
[BlackElo "1666"]
[PlyCount "76"]
[EventDate "2006.??.??"]
[EventType "tourn (corr)"]
[EventRounds "4"]
[SourceTitle "Corr 2015"]
[Source "ChessBase"]
[SourceDate "2015.07.17"]
[SourceVersion "1"]
[SourceVersionDate "2015.07.17"]
[SourceQuality "1"]

1. e4 e5 2. Nf3 Nc6 3. Bb5 a6 4. Ba4 Nf6 5. 0-0 Nxe4 6. d4 b5 7. Bb3 d5 8. dxe5 Be6 9. Be3 Be7 10. c3 Qd7 11. Nbd2 Nxd2 12. Qxd2 Na5 13. Bg5 c5 14. Bxe7 Qxe7 15. Bc2 Nc4 16. Qc1 Bg4 17. b3 Bxf3 18. bxc4 Be2 19. cxd5 Bxf1 20. Qxf1 c4 21. d6 Qh4 22. Qe2 0-0 23. d7 Rfd8 24. Rd1 Rab8 25. e6 Qe7 26. Qe4 g6 27. exf7+ Qxf7 28. Qc6 Kg7 29. Qc7 Qf6 30. h3 Qxc3 31. Be4 Qf6 32. Bb7 Kh6 33. Bxa6 Rb6 34. Bb7 c3 35. Be4 Re6 36. f3 Ra6 37. f4 Qb6+ 38. Qxb6 Rxb6 0-1

[Event "IECC CL5-2006.05 email"]
[Site "IECC email"]
[Date "2006.03.27"]
[Round "?"]
[White "Lixa, Alberto JP"]
[Black "MacDonald, Weldon"]
[Result "1/2-1/2"]
[WhiteElo "1565"]
[BlackElo "1610"]
[PlyCount "132"]
[EventDate "2006.??.??"]
[EventType "tourn (corr)"]
[EventRounds "4"]
[SourceTitle "Corr 2015"]
[Source "ChessBase"]
[SourceDate "2015.07.17"]
[SourceVersion "1"]
[SourceVersionDate "2015.07.17"]
[SourceQuality "1"]
[WhiteTeam "Portugal"]
[BlackTeam "US of America"]
[WhiteTeamCountry "POR"]
[BlackTeamCountry "USA"]

1. e4 c5 2. Nf3 Nc6 3. Bc4 e6 4. 0-0 d5 5. exd5 exd5 6. Bb5 Bd6 7. d4 Nge7 8. dxc5 Bxc5 9. Nbd2 0-0 10. Nb3 Bb6 11. a4 a6 12. Bd3 Nb4 13. Be2 Bf5 14. Nfd4 Nbc6 15. Nxf5 Nxf5 16. a5 Nxa5 17. Nxa5 Bxa5 18. Bd3 Ne7 19. Bg5 f6 20. Be3 Bb6 21. Qh5 g6 22. Qh3 Bxe3 23. Qe6+ Kg7 24. Qxe3 Re8 25. c3 Nc6 26. Qd2 d4 27. Rac1 dxc3 28. Rxc3 Qd6 29. Qc1 Re7 30. Bc4 Nd4 31. Rh3 Rc8 32. Qh6+ Kh8 33. Bd3 f5 34. Kh1 Rg7 35. Re1 b5 36. Qd2 Nb3 37. Qg5 Nc5 38. Bb1 a5 39. Rhe3 Rf8 40. R3e2 a4 41. h3 b4 42. Qh4 f4 43. Re8 Kg8 44. Rxf8+ Kxf8 45. g3 a3 46. bxa3 bxa3 47. gxf4 Re7 48. Rc1 Kg7 49. f5 Re2 50. Kg2 Qd5+ 51. Kg1 Qe5 52. Kf1 Rb2 53. Kg2 gxf5 54. Kh1 Rb6 55. Qg5+ Rg6 56. Qxf5 Qxf5 57. Bxf5 a2 58. Bxg6 Nb3 59. Rg1 hxg6 60. Kg2 a1Q 61. Rxa1 Nxa1 62. Kf3 Nb3 63. Kf4 Nc5 64. Kg4 Nd3 65. f3 Kh6 66. f4 Nf2+ 1/2-1/2

[Event "IECC CL4-2006.04 email"]
[Site "IECC email"]
[Date "2006.03.06"]
[Round "?"]
[White "Adkins, Anthony"]
[Black "MacDonald, Weldon"]
[Result "1/2-1/2"]
[WhiteElo "1760"]
[BlackElo "1583"]
[PlyCount "85"]
[EventDate "2006.??.??"]
[EventType "tourn (corr)"]
[EventRounds "4"]
[SourceTitle "Corr 2015"]
[Source "ChessBase"]
[SourceDate "2015.07.17"]
[SourceVersion "1"]
[SourceVersionDate "2015.07.17"]
[SourceQuality "1"]

1. d4 Nf6 2. c4 c5 3. d5 e6 4. Nc3 exd5 5. cxd5 d6 6. Nf3 g6 7. Bf4 a6 8. a4 Bg7 9. e4 Bg4 10. Qb3 b6 11. Nd2 Nh5 12. Be3 0-0 13. h3 Bc8 14. g4 Nf6 15. Bg2 Nbd7 16. f4 Re8 17. Nc4 Qc7 18. 0-0 Rb8 19. Bf2 h6 20. Rae1 Nh7 21. Bg3 b5 22. axb5 Bxc3 23. Qxc3 axb5 24. Qa5 Qxa5 25. Nxa5 Ra8 26. Nc6 Ra2 27. e5 Rxb2 28. e6 fxe6 29. dxe6 Ndf6 30. f5 gxf5 31. gxf5 Rxg2+ 32. Kxg2 Bb7 33. Bxd6 Bxc6+ 34. Kh2 Ne4 35. Rxe4 Bxe4 36. Rg1+ Ng5 37. h4 Bxf5 38. hxg5 Bxe6 39. gxh6+ Kh7 40. Bxc5 Kxh6 41. Be3+ Kh7 42. Bc5 Bc4 43. Kg3 1/2-1/2

[Event "IECC CL4-2006.04 email"]
[Site "IECC email"]
[Date "2006.03.06"]
[Round "?"]
[White "MacDonald, Weldon"]
[Black "Sherwood, Russell"]
[Result "0-1"]
[WhiteElo "1608"]
[BlackElo "1770"]
[PlyCount "42"]
[EventDate "2006.??.??"]
[EventType "tourn (corr)"]
[EventRounds "4"]
[SourceTitle "Corr 2015"]
[Source "ChessBase"]
[SourceDate "2015.07.17"]
[SourceVersion "1"]
[SourceVersionDate "2015.07.17"]
[SourceQuality "1"]

1. e4 g6 2. d4 Bg7 3. c4 d6 4. Nc3 Nf6 5. Nf3 0-0 6. Be2 Nbd7 7. 0-0 e5 8. Qd2 c6 9. d5 Nc5 10. Qc2 cxd5 11. cxd5 Qc7 12. Bg5 Ncxe4 13. Bxf6 Nxf6 14. Rac1 Qb6 15. Nd2 Bh6 16. Nc4 Qc5 17. Rcd1 Bd7 18. a3 b5 19. b4 Qc7 20. Ne3 Rac8 21. Rc1 Bxe3 0-1

[Event "P-4086"]
[Site "IECC email"]
[Date "2006.02.12"]
[Round "?"]
[White "MacDonald, Weldon"]
[Black "Wozniak, Zbigniew"]
[Result "1/2-1/2"]
[WhiteElo "1597"]
[BlackElo "1705"]
[PlyCount "79"]
[EventDate "2006.??.??"]
[EventType "tourn (corr)"]
[SourceTitle "Corr 2020"]
[Source "ChessBase"]
[SourceDate "2019.09.30"]
[SourceVersion "1"]
[SourceVersionDate "2019.09.30"]
[SourceQuality "1"]
[WhiteTeam "United States"]
[BlackTeam "Poland"]
[WhiteTeamCountry "USA"]
[BlackTeamCountry "POL"]

1. e4 c5 2. Nf3 d6 3. d4 cxd4 4. Nxd4 Nf6 5. Nc3 a6 6. Bg5 e6 7. Qd2 Be7 8. 0-0-0 b5 9. Bd3 0-0 10. f4 Bb7 11. Rde1 Nbd7 12. e5 dxe5 13. fxe5 Nd5 14. Bxe7 Nxe7 15. Nf3 Rc8 16. Ne4 Nf5 17. Rhf1 Bxe4 18. Bxe4 Nc5 19. Qxd8 Rfxd8 20. Bxf5 exf5 21. Rd1 Ne4 22. Nd2 Nc5 23. Rxf5 Nd3+ 24. Kb1 Ne1 25. Rxe1 Rxd2 26. c3 Rxg2 27. h4 Rd8 28. Rg5 Rh2 29. Rg4 a5 30. Rd4 Rxd4 31. cxd4 Rxh4 32. Rd1 Re4 33. Kc2 Re2+ 34. Kd3 Rxb2 35. Rc1 Kf8 36. Rc8+ Ke7 37. d5 Kd7 38. Ra8 Rxa2 39. Ra7+ Ke8 40. Ra8+ 1/2-1/2

[Event "IECC CL5-2005.16 email"]
[Site "IECC email"]
[Date "2005.11.20"]
[Round "?"]
[White "Varela, Marcos"]
[Black "MacDonald, Weldon"]
[Result "1-0"]
[WhiteElo "1237"]
[BlackElo "1609"]
[PlyCount "67"]
[EventDate "2005.??.??"]
[EventType "tourn (corr)"]
[EventRounds "4"]
[SourceTitle "Corr 2008"]
[Source "ChessBase"]
[SourceDate "2008.06.24"]
[SourceVersion "1"]
[SourceVersionDate "2008.06.24"]
[SourceQuality "1"]

1. e4 c5 2. Nf3 Nc6 3. d4 cxd4 4. Nxd4 e5 5. Nb5 d6 6. Be3 a6 7. N5c3 Nf6 8. Bc4 b5 9. Bb3 Ne7 10. Bg5 Bb7 11. Bxf6 gxf6 12. Qh5 Ng6 13. Bd5 Qd7 14. Bxb7 Qxb7 15. Nd5 Be7 16. 0-0 Rc8 17. c3 0-0 18. g3 Kh8 19. Na3 Rg8 20. Kh1 a5 21. Nc2 b4 22. Nce3 Rc5 23. cxb4 axb4 24. Rfd1 Rc6 25. Qf3 Rgc8 26. h4 Nf8 27. Nf5 Bd8 28. Qh5 Ne6 29. Qh6 Kg8 30. Nxf6+ Bxf6 31. Qxf6 R8c7 32. Nh6+ Kf8 33. Qh8+ Ke7 34. Ng8+ 1-0

[Event "IECC CL5-2005.11 email"]
[Site "IECC email"]
[Date "2005.07.18"]
[Round "?"]
[White "MacDonald, Weldon"]
[Black "Dautovic, Dzenan"]
[Result "0-1"]
[WhiteElo "1586"]
[BlackElo "1444"]
[PlyCount "66"]
[EventDate "2005.??.??"]
[EventType "tourn (corr)"]
[EventRounds "4"]
[SourceTitle "Corr 2008"]
[Source "ChessBase"]
[SourceDate "2008.06.24"]
[SourceVersion "1"]
[SourceVersionDate "2008.06.24"]
[SourceQuality "1"]

1. e4 c5 2. Nf3 Nc6 3. d4 cxd4 4. Nxd4 Nf6 5. Nc3 e5 6. Ndb5 d6 7. Bg5 a6 8. Na3 b5 9. Nd5 Be7 10. Bxf6 Bxf6 11. c3 0-0 12. Nc2 Bg5 13. a4 bxa4 14. Rxa4 a5 15. Bb5 Ne7 16. Ncb4 Be6 17. Nxe7+ Qxe7 18. Bc6 Rac8 19. Rxa5 Rxc6 20. h4 Rc5 21. Rxc5 dxc5 22. hxg5 cxb4 23. Qh5 h6 24. gxh6 g6 25. Qxe5 f6 26. Qd4 bxc3 27. bxc3 Kh7 28. Qe3 Bc4 29. f4 Ra8 30. Kf2 Ra2+ 31. Kf3 f5 32. Qd4 Ba6 33. Kg3 Bb7 0-1

[Event "IECC CL5-2005.11 email"]
[Site "IECC email"]
[Date "2005.07.18"]
[Round "?"]
[White "Popp, Tony"]
[Black "MacDonald, Weldon"]
[Result "0-1"]
[WhiteElo "1410"]
[BlackElo "1577"]
[PlyCount "60"]
[EventDate "2005.??.??"]
[EventType "tourn (corr)"]
[EventRounds "4"]
[SourceTitle "Corr 2008"]
[Source "ChessBase"]
[SourceDate "2008.06.24"]
[SourceVersion "1"]
[SourceVersionDate "2008.06.24"]
[SourceQuality "1"]

1. Nc3 d5 2. d4 Bf5 3. Bg5 h6 4. Bh4 c6 5. e3 Nd7 6. g4 Bh7 7. Bg2 Ngf6 8. h3 e5 9. dxe5 Nxe5 10. f4 Nc4 11. Qc1 Bc5 12. Nd1 0-0 13. c3 Re8 14. Bf2 Qb6 15. Ke2 Nxe3 16. Bxe3 Rxe3+ 17. Nxe3 Re8 18. f5 Bxe3 19. Qc2 Bxg1+ 20. Kf1 Bc5 21. Re1 Qa6+ 22. c4 Rxe1+ 23. Kxe1 dxc4 24. a3 Nd5 25. Be4 Qa5+ 26. Ke2 Nf6 27. Qxc4 Nxe4 28. Qxe4 Qb5+ 29. Kf3 Qb3+ 30. Kg2 Qxb2+ 0-1

[Event "IECC CL4-2005.06 email"]
[Site "IECC email"]
[Date "2005.04.20"]
[Round "?"]
[White "MacDonald, Weldon"]
[Black "Rogovsky, Daniel Javier"]
[Result "0-1"]
[WhiteElo "1578"]
[BlackElo "1769"]
[PlyCount "76"]
[EventDate "2005.??.??"]
[EventType "tourn (corr)"]
[EventRounds "4"]
[SourceTitle "Corr 2015"]
[Source "ChessBase"]
[SourceDate "2015.07.17"]
[SourceVersion "1"]
[SourceVersionDate "2015.07.17"]
[SourceQuality "1"]

1. e4 Nf6 2. e5 Nd5 3. d4 d6 4. Nf3 Bg4 5. Be2 e6 6. 0-0 Be7 7. c4 Nb6 8. Nc3 N8d7 9. exd6 cxd6 10. b3 0-0 11. Be3 Bf5 12. Qd2 Rc8 13. d5 e5 14. a4 Nc5 15. Qb2 a5 16. Nb5 Nbd7 17. Nd2 Bg6 18. f3 Nd3 19. Bxd3 Bxd3 20. Rfe1 Bg6 21. Ne4 Bxe4 22. fxe4 Nf6 23. Qc2 Ng4 24. Qe2 Nxe3 25. Qxe3 Bg5 26. Qf2 f5 27. exf5 g6 28. Rf1 Rxf5 29. Qa7 b6 30. Rxf5 gxf5 31. Rf1 Be3+ 32. Kh1 f4 33. g3 h5 34. Qb7 h4 35. gxf4 exf4 36. h3 Rb8 37. Qc6 Qe7 38. Qd7 Qxd7 0-1

[Event "IECC CL5-2005.05 email"]
[Site "IECC email"]
[Date "2005.03.04"]
[Round "?"]
[White "MacDonald, Weldon"]
[Black "Vio, Mauro"]
[Result "1-0"]
[WhiteElo "1589"]
[BlackElo "1525"]
[PlyCount "81"]
[EventDate "2005.??.??"]
[EventType "tourn (corr)"]
[EventRounds "4"]
[SourceTitle "Corr 2015"]
[Source "ChessBase"]
[SourceDate "2015.07.17"]
[SourceVersion "1"]
[SourceVersionDate "2015.07.17"]
[SourceQuality "1"]

1. e4 e5 2. Nf3 Nc6 3. Bb5 f6 4. 0-0 a6 5. Ba4 b5 6. Bb3 Bb7 7. d4 exd4 8. Re1 Bb4 9. c3 dxc3 10. Nxc3 Bxc3 11. bxc3 Nge7 12. a4 bxa4 13. Rxa4 Ng6 14. e5 Ncxe5 15. Nh4 Nxh4 16. Rxh4 Kf8 17. Ba3+ d6 18. f4 Nf7 19. Bxf7 Kxf7 20. Qb3+ d5 21. Qxb7 Rb8 22. Qc6 Rb6 23. Qc5 Re6 24. Rxe6 Kxe6 25. Qc6+ Kf7 26. Rh5 Qe8 27. Qxd5+ Qe6 28. Qxe6+ Kxe6 29. Rc5 Kd7 30. Ra5 Ra8 31. Kf2 Kc6 32. Bc5 Rb8 33. Bd4 Rb2+ 34. Kf3 Kb7 35. h4 Rb5 36. Rxb5+ axb5 37. h5 Kc6 38. Ke4 Kd6 39. g4 c5 40. h6 gxh6 41. Bxf6 1-0

[Event "IECC CL5-2005.05 email"]
[Site "IECC email"]
[Date "2005.03.04"]
[Round "?"]
[White "MacDonald, Weldon"]
[Black "Zaunerciks, Ilmars"]
[Result "1-0"]
[WhiteElo "1618"]
[BlackElo "1350"]
[PlyCount "49"]
[EventDate "2005.??.??"]
[EventType "tourn (corr)"]
[EventRounds "4"]
[SourceTitle "Corr 2015"]
[Source "ChessBase"]
[SourceDate "2015.07.17"]
[SourceVersion "1"]
[SourceVersionDate "2015.07.17"]
[SourceQuality "1"]

1. e4 c6 2. d4 d5 3. exd5 cxd5 4. c4 Nf6 5. Nc3 e6 6. Nf3 Be7 7. cxd5 Nxd5 8. Bd3 Nc6 9. 0-0 0-0 10. Re1 Ncb4 11. Bb1 Nf6 12. a3 Nbd5 13. Ne5 Bd7 14. Qd3 Bc6 15. Bg5 g6 16. Ba2 Qb6 17. Bxd5 Bxd5 18. Bxf6 Bxf6 19. Nxd5 exd5 20. Nd7 Qxd4 21. Qf3 Bg7 22. Nxf8 Bxf8 23. b4 Rc8 24. Rad1 Qb6 25. Rxd5 1-0

[Event "IECC CL5-2005.05 email"]
[Site "IECC email"]
[Date "2005.03.04"]
[Round "?"]
[White "Pivirotto, Filiberto"]
[Black "MacDonald, Weldon"]
[Result "1-0"]
[WhiteElo "1456"]
[BlackElo "1623"]
[PlyCount "63"]
[EventDate "2005.??.??"]
[EventType "tourn (corr)"]
[EventRounds "4"]
[SourceTitle "Corr 2015"]
[Source "ChessBase"]
[SourceDate "2015.07.17"]
[SourceVersion "1"]
[SourceVersionDate "2015.07.17"]
[SourceQuality "1"]

1. e4 c5 2. Nf3 Nc6 3. d4 cxd4 4. Nxd4 e5 5. Nb5 d6 6. N1c3 a6 7. Na3 b5 8. Nd5 Nge7 9. c4 Nd4 10. Be3 Nxd5 11. cxd5 Be7 12. Bd3 0-0 13. 0-0 Bd7 14. Qd2 Qb8 15. Rae1 a5 16. Nc2 Nxc2 17. Qxc2 Qb7 18. Rc1 Bd8 19. b3 Rc8 20. Qe2 Rxc1 21. Rxc1 f5 22. exf5 Qxd5 23. a4 Qxb3 24. axb5 Kh8 25. b6 Qd5 26. Bc4 Qb7 27. Ba6 Qb8 28. b7 Bf6 29. Qc4 Bxf5 30. Qc7 Qxc7 31. Rxc7 d5 32. Ba7 1-0

[Event "IECC CL5-2005.05 email"]
[Site "IECC email"]
[Date "2005.03.04"]
[Round "?"]
[White "Van Alphen, John"]
[Black "MacDonald, Weldon"]
[Result "1/2-1/2"]
[WhiteElo "1558"]
[BlackElo "1566"]
[PlyCount "32"]
[EventDate "2005.??.??"]
[EventType "tourn (corr)"]
[EventRounds "4"]
[SourceTitle "Corr 2015"]
[Source "ChessBase"]
[SourceDate "2015.07.17"]
[SourceVersion "1"]
[SourceVersionDate "2015.07.17"]
[SourceQuality "1"]

1. e4 c5 2. Nf3 Nc6 3. d4 cxd4 4. Nxd4 Nf6 5. Nc3 e5 6. Nxc6 bxc6 7. Bc4 Bb4 8. Qf3 d5 9. exd5 cxd5 10. 0-0 e4 11. Bb5+ Bd7 12. Qg3 Bxc3 13. Bxd7+ Qxd7 14. Qxc3 Rc8 15. Qg3 0-0 16. c3 Rfe8 1/2-1/2

[Event "IECC CL4-2005.03 email"]
[Site "IECC email"]
[Date "2005.02.16"]
[Round "?"]
[White "Berkley, Stephen"]
[Black "MacDonald, Weldon"]
[Result "1/2-1/2"]
[WhiteElo "1673"]
[BlackElo "1602"]
[PlyCount "52"]
[EventDate "2005.??.??"]
[EventType "tourn (corr)"]
[EventRounds "4"]
[SourceTitle "Corr 2020"]
[Source "ChessBase"]
[SourceDate "2019.09.30"]
[SourceVersion "1"]
[SourceVersionDate "2019.09.30"]
[SourceQuality "1"]
[WhiteTeam "England"]
[BlackTeam "United States"]
[WhiteTeamCountry "ENG"]
[BlackTeamCountry "USA"]

1. d4 Nf6 2. c4 c5 3. d5 e6 4. Nc3 exd5 5. cxd5 d6 6. e4 g6 7. f4 Bg7 8. Bb5+ Nbd7 9. e5 dxe5 10. fxe5 Nh5 11. e6 Qh4+ 12. g3 Nxg3 13. hxg3 Qxh1 14. exd7+ Bxd7 15. Bxd7+ Kxd7 16. Qg4+ f5 17. Qa4+ Kc8 18. Be3 Bxc3+ 19. bxc3 Qxd5 20. Rd1 Qc6 21. Qxc6+ bxc6 22. Bxc5 Re8+ 23. Kf2 Rb8 24. Rd2 a6 25. Nf3 Rb5 26. Bd4 Rd5 1/2-1/2